[Event "DEM U14 2023"]
[Site "Willingen GER"]
[Date "2023.05.28"]
[Round "2"]
[White "Chugunov, Ivan"]
[Black "Dyachuk, Artem"]
[Result "0-1"]
[Termination "normal"]
[Board "17"]
[BlackTitle "FM"]
[WhiteElo "1670"]
[BlackElo "2312"]
[WhiteClock "00:00:36"]
[BlackClock "00:50:50"]
[PlyCount "74"]
[WhiteFideId "16256808"]
[BlackFideId "34107924"]
[EventCountry "GER"]
[EventRounds "9"]
[EventType "swiss"]
[EventDate "2023.05.27"]

1. d4 {[%clk 01:30:52]} {[%emt 00:00:07]} Nf6 {[%clk 01:30:52]} {[%emt
00:00:09]} 2. Nf3 {[%clk 01:31:14]} {[%emt 00:00:08]} e6 {[%clk 01:31:16]}
{[%emt 00:00:06]} 3. g3 {[%clk 01:31:31]} {[%emt 00:00:12]} b6 {[%clk
01:31:14]} {[%emt 00:00:32]} 4. Bg2 {[%clk 01:31:52]} {[%emt 00:00:09]} Bb7
{[%clk 01:31:09]} {[%emt 00:00:36]} 5. O-O {[%clk 01:32:08]} {[%emt 00:00:14]}
c5 {[%clk 01:31:35]} {[%emt 00:00:04]} 6. c4 {[%clk 01:29:38]} {[%emt
00:03:00]} cxd4 {[%clk 01:32:03]} {[%emt 00:00:01]} 7. Nxd4 {[%clk 01:29:44]}
{[%emt 00:00:24]} Bxg2 {[%clk 01:32:26]} {[%emt 00:00:08]} 8. Kxg2 {[%clk
01:30:03]} {[%emt 00:00:10]} Qc8 {[%clk 01:32:55]} {[%emt 00:00:02]} 9. b3
{[%clk 01:29:07]} {[%emt 00:01:25]} Qb7+ {[%clk 01:33:21]} {[%emt 00:00:05]}
10. Kg1 {[%clk 01:26:58]} {[%emt 00:02:39]} Be7 {[%clk 01:33:12]} {[%emt
00:00:38]} 11. Ba3 {[%clk 01:24:57]} {[%emt 00:02:32]} Bxa3 {[%clk 01:31:51]}
{[%emt 00:01:51]} 12. Nxa3 {[%clk 01:23:10]} {[%emt 00:02:18]} O-O {[%clk
01:32:19]} {[%emt 00:00:02]} 13. Rc1 {[%clk 01:21:34]} {[%emt 00:02:04]} a6
{[%clk 01:30:35]} {[%emt 00:02:15]} 14. e3 {[%clk 01:18:40]} {[%emt 00:03:23]}
Nc6 {[%clk 01:25:48]} {[%emt 00:05:18]} 15. Qf3 {[%clk 01:16:13]} {[%emt
00:02:57]} Rac8 {[%clk 01:25:24]} {[%emt 00:00:54]} 16. Rfd1 {[%clk 01:13:26]}
{[%emt 00:03:16]} Rfd8 {[%clk 01:21:58]} {[%emt 00:03:57]} 17. Nac2 {[%clk
01:12:41]} {[%emt 00:01:14]} Qc7 {[%clk 01:10:07]} {[%emt 00:12:21]} 18. Nxc6
{[%clk 01:06:24]} {[%emt 00:06:47]} dxc6 {[%clk 01:10:32]} {[%emt 00:00:06]}
19. Kg2 {[%clk 00:47:55]} {[%emt 00:18:57]} c5 {[%clk 01:06:36]} {[%emt
00:04:27]} 20. Ne1 {[%clk 00:37:00]} {[%emt 00:11:25]} e5 {[%clk 01:04:26]}
{[%emt 00:02:40]} 21. h4 {[%clk 00:25:11]} {[%emt 00:12:18]} e4 {[%clk
01:02:55]} {[%emt 00:02:01]} 22. Qf5 {[%clk 00:21:09]} {[%emt 00:04:32]} Re8
{[%clk 01:02:21]} {[%emt 00:01:05]} 23. Rd2 {[%clk 00:19:29]} {[%emt 00:02:09]}
Re5 {[%clk 00:59:57]} {[%emt 00:02:54]} 24. Qf4 {[%clk 00:17:52]} {[%emt
00:02:07]} Qe7 {[%clk 00:53:16]} {[%emt 00:07:12]} 25. Rcd1 {[%clk 00:15:14]}
{[%emt 00:03:07]} h6 {[%clk 00:53:22]} {[%emt 00:00:24]} 26. Rd6 {[%clk
00:14:53]} {[%emt 00:00:51]} Re6 {[%clk 00:53:26]} {[%emt 00:00:27]} 27. Nc2
{[%clk 00:12:22]} {[%emt 00:03:00]} Rf8 {[%clk 00:52:33]} {[%emt 00:01:24]} 28.
Rxe6 {[%clk 00:08:27]} {[%emt 00:04:25]} fxe6 {[%clk 00:52:46]} {[%emt
00:00:16]} 29. Rd2 {[%clk 00:03:54]} {[%emt 00:05:03]} Qf7 {[%clk 00:51:45]}
{[%emt 00:01:31]} 30. Na3 {[%clk 00:03:12]} {[%emt 00:01:12]} Qh5 {[%clk
00:51:44]} {[%emt 00:00:31]} 31. Qd6 {[%clk 00:00:40]} {[%emt 00:03:02]} Qf3+
{[%clk 00:51:20]} {[%emt 00:00:54]} 32. Kg1 {[%clk 00:01:05]} {[%emt 00:00:06]}
Ng4 {[%clk 00:51:32]} {[%emt 00:00:18]} 33. Qxe6+ {[%clk 00:00:42]} {[%emt
00:00:52]} Kh8 {[%clk 00:51:54]} {[%emt 00:00:09]} 34. Qd6 {[%clk 00:00:36]}
{[%emt 00:00:36]} Rf6 {[%clk 00:50:41]} {[%emt 00:01:42]} 35. Qb8+ {[%clk
00:00:41]} {[%emt 00:00:25]} Kh7 {[%clk 00:50:32]} {[%emt 00:00:39]} 36. Nc2
{[%clk 00:00:44]} {[%emt 00:00:27]} Nxf2 {[%clk 00:50:33]} {[%emt 00:00:30]}
37. Kf1 {[%clk 00:00:36]} {[%emt 00:00:37]} Ng4+ {[%clk 00:50:50]} {[%emt
00:00:13]} 0-1

[Event "DEM U14 2023"]
[Site "Willingen GER"]
[Date "2023.05.28"]
[Round "2"]
[White "Herrmann, Jakob"]
[Black "Weber, Nikita"]
[Result "0-1"]
[Termination "normal"]
[Board "18"]
[WhiteElo "2084"]
[BlackElo "1531"]
[WhiteClock "00:04:34"]
[BlackClock "00:05:54"]
[PlyCount "80"]
[WhiteFideId "16287169"]
[BlackFideId "34608770"]
[EventCountry "GER"]
[EventRounds "9"]
[EventType "swiss"]
[EventDate "2023.05.27"]

1. e4 {[%clk 01:30:54]} {[%emt 00:00:06]} c6 {[%clk 01:30:58]} {[%emt
00:00:03]} 2. Nf3 {[%clk 01:30:36]} {[%emt 00:00:48]} d5 {[%clk 01:31:19]}
{[%emt 00:00:09]} 3. exd5 {[%clk 01:30:18]} {[%emt 00:00:47]} cxd5 {[%clk
01:31:44]} {[%emt 00:00:06]} 4. Ne5 {[%clk 01:29:22]} {[%emt 00:01:25]} Nf6
{[%clk 01:25:21]} {[%emt 00:06:54]} 5. d4 {[%clk 01:29:36]} {[%emt 00:00:16]}
Bf5 {[%clk 01:18:08]} {[%emt 00:07:43]} 6. Nd2 {[%clk 01:18:11]} {[%emt
00:11:55]} Nbd7 {[%clk 01:08:01]} {[%emt 00:10:37]} 7. Ndf3 {[%clk 01:02:13]}
{[%emt 00:16:28]} e6 {[%clk 01:05:47]} {[%emt 00:02:44]} 8. c3 {[%clk
00:56:55]} {[%emt 00:05:47]} Bd6 {[%clk 01:03:18]} {[%emt 00:03:00]} 9. Bd3
{[%clk 00:53:11]} {[%emt 00:04:14]} Bxd3 {[%clk 00:45:39]} {[%emt 00:18:09]}
10. Qxd3 {[%clk 00:53:22]} {[%emt 00:00:19]} Bxe5 {[%clk 00:45:30]} {[%emt
00:00:39]} 11. Nxe5 {[%clk 00:52:49]} {[%emt 00:01:03]} Nxe5 {[%clk 00:45:46]}
{[%emt 00:00:14]} 12. dxe5 {[%clk 00:53:13]} {[%emt 00:00:06]} Nd7 {[%clk
00:45:00]} {[%emt 00:01:16]} 13. Qg3 {[%clk 00:53:03]} {[%emt 00:00:39]} Qc7
{[%clk 00:39:37]} {[%emt 00:05:54]} 14. Bf4 {[%clk 00:51:37]} {[%emt 00:01:55]}
Qc4 {[%clk 00:29:37]} {[%emt 00:10:31]} 15. Be3 {[%clk 00:34:00]} {[%emt
00:18:05]} Rg8 {[%clk 00:27:00]} {[%emt 00:03:08]} 16. Bd4 {[%clk 00:32:43]}
{[%emt 00:01:47]} O-O-O {[%clk 00:22:39]} {[%emt 00:04:52]} 17. b3 {[%clk
00:28:26]} {[%emt 00:04:47]} Qa6 {[%clk 00:21:53]} {[%emt 00:01:17]} 18. Rc1
{[%clk 00:19:24]} {[%emt 00:09:31]} Kb8 {[%clk 00:20:00]} {[%emt 00:02:23]} 19.
Qe3 {[%clk 00:16:43]} {[%emt 00:03:10]} f6 {[%clk 00:18:05]} {[%emt 00:02:27]}
20. f4 {[%clk 00:14:30]} {[%emt 00:02:42]} g5 {[%clk 00:16:42]} {[%emt
00:01:53]} 21. Rc2 {[%clk 00:09:16]} {[%emt 00:05:44]} gxf4 {[%clk 00:16:17]}
{[%emt 00:00:55]} 22. Qxf4 {[%clk 00:09:32]} {[%emt 00:00:13]} f5 {[%clk
00:16:30]} {[%emt 00:00:18]} 23. Kd1 {[%clk 00:08:47]} {[%emt 00:01:15]} Rg4
{[%clk 00:13:42]} {[%emt 00:03:18]} 24. Qf3 {[%clk 00:08:06]} {[%emt 00:01:10]}
Rdg8 {[%clk 00:11:50]} {[%emt 00:02:23]} 25. Re1 {[%clk 00:07:44]} {[%emt
00:00:51]} Qa3 {[%clk 00:10:59]} {[%emt 00:01:21]} 26. g3 {[%clk 00:05:03]}
{[%emt 00:03:11]} Ka8 {[%clk 00:11:07]} {[%emt 00:00:22]} 27. Qf2 {[%clk
00:05:00]} {[%emt 00:00:33]} b6 {[%clk 00:10:12]} {[%emt 00:01:26]} 28. b4
{[%clk 00:04:48]} {[%emt 00:00:42]} Nb8 {[%clk 00:08:40]} {[%emt 00:02:02]} 29.
Be3 {[%clk 00:02:38]} {[%emt 00:02:40]} Rc8 {[%clk 00:06:50]} {[%emt 00:02:19]}
30. Bc1 {[%clk 00:02:45]} {[%emt 00:00:24]} Qa4 {[%clk 00:06:59]} {[%emt
00:00:21]} 31. Qf3 {[%clk 00:02:57]} {[%emt 00:00:17]} Rxb4 {[%clk 00:06:47]}
{[%emt 00:00:43]} 32. Ree2 {[%clk 00:03:05]} {[%emt 00:00:22]} Re4 {[%clk
00:06:10]} {[%emt 00:01:07]} 33. Bf4 {[%clk 00:02:41]} {[%emt 00:00:53]} Rxe2
{[%clk 00:06:18]} {[%emt 00:00:22]} 34. Qxe2 {[%clk 00:02:56]} {[%emt
00:00:16]} Rxc3 {[%clk 00:06:44]} {[%emt 00:00:04]} 35. Kc1 {[%clk 00:03:09]}
{[%emt 00:00:17]} Qa3+ {[%clk 00:06:31]} {[%emt 00:00:43]} 36. Kb1 {[%clk
00:03:32]} {[%emt 00:00:06]} Qb4+ {[%clk 00:06:20]} {[%emt 00:00:41]} 37. Kc1
{[%clk 00:03:53]} {[%emt 00:00:10]} Rc5 {[%clk 00:05:51]} {[%emt 00:00:59]} 38.
Qd3 {[%clk 00:03:52]} {[%emt 00:00:31]} Qe1+ {[%clk 00:06:03]} {[%emt
00:00:18]} 39. Kb2 {[%clk 00:04:16]} {[%emt 00:00:05]} Qb4+ {[%clk 00:06:27]}
{[%emt 00:00:06]} 40. Kc1 {[%clk 00:04:34]} {[%emt 00:00:12]} Nc6 {[%clk
00:05:54]} {[%emt 00:01:04]} 0-1

[Event "DEM U14 2023"]
[Site "Willingen GER"]
[Date "2023.05.28"]
[Round "2"]
[White "Nönnig, Jakob"]
[Black "Torosyan, Bagrat"]
[Result "1-0"]
[Termination "normal"]
[Board "19"]
[WhiteElo "1736"]
[BlackElo "1973"]
[WhiteClock "00:14:43"]
[BlackClock "00:15:18"]
[PlyCount "101"]
[WhiteFideId "16289447"]
[BlackFideId "16258134"]
[EventCountry "GER"]
[EventRounds "9"]
[EventType "swiss"]
[EventDate "2023.05.27"]

1. e4 {[%clk 01:30:57]} {[%emt 00:00:02]} c5 {[%clk 01:30:59]} {[%emt
00:00:02]} 2. Nf3 {[%clk 01:31:19]} {[%emt 00:00:08]} d6 {[%clk 01:31:23]}
{[%emt 00:00:05]} 3. d4 {[%clk 01:31:43]} {[%emt 00:00:06]} cxd4 {[%clk
01:31:49]} {[%emt 00:00:04]} 4. Nxd4 {[%clk 01:32:09]} {[%emt 00:00:05]} Nf6
{[%clk 01:32:15]} {[%emt 00:00:03]} 5. Nc3 {[%clk 01:32:33]} {[%emt 00:00:07]}
a6 {[%clk 01:32:40]} {[%emt 00:00:05]} 6. Bg5 {[%clk 01:32:55]} {[%emt
00:00:07]} e6 {[%clk 01:33:05]} {[%emt 00:00:06]} 7. Qe2 {[%clk 01:33:04]}
{[%emt 00:00:21]} Be7 {[%clk 01:28:52]} {[%emt 00:04:42]} 8. f4 {[%clk
01:32:53]} {[%emt 00:00:41]} h6 {[%clk 01:24:25]} {[%emt 00:04:57]} 9. Bxf6
{[%clk 01:32:58]} {[%emt 00:00:25]} Bxf6 {[%clk 01:24:25]} {[%emt 00:00:30]}
10. O-O-O {[%clk 01:32:54]} {[%emt 00:00:34]} Qc7 {[%clk 01:21:29]} {[%emt
00:03:26]} 11. Qd2 {[%clk 01:32:37]} {[%emt 00:00:47]} O-O {[%clk 01:19:48]}
{[%emt 00:02:11]} 12. h4 {[%clk 01:31:40]} {[%emt 00:01:27]} Qd8 {[%clk
01:05:04]} {[%emt 00:15:14]} 13. Nf3 {[%clk 01:22:55]} {[%emt 00:09:15]} Qa5
{[%clk 01:01:18]} {[%emt 00:04:15]} 14. Kb1 {[%clk 01:16:59]} {[%emt 00:06:27]}
Nc6 {[%clk 00:52:17]} {[%emt 00:09:31]} 15. g4 {[%clk 01:13:36]} {[%emt
00:03:53]} Bxc3 {[%clk 00:52:08]} {[%emt 00:00:39]} 16. bxc3 {[%clk 01:13:37]}
{[%emt 00:00:29]} d5 {[%emt 00:02:59]} 17. e5 {[%clk 01:08:48]} {[%emt
00:04:05]} b5 {[%clk 00:50:54]} {[%emt 00:00:30]} 18. h5 {[%clk 01:03:30]}
{[%emt 00:05:47]} Rb8 {[%clk 00:50:34]} {[%emt 00:00:50]} 19. g5 {[%clk
01:02:57]} {[%emt 00:01:03]} b4 {[%clk 00:50:16]} {[%emt 00:00:49]} 20. c4
{[%clk 01:03:17]} {[%emt 00:00:10]} dxc4 {[%clk 00:46:13]} {[%emt 00:04:33]}
21. Bxc4 {[%clk 01:03:20]} {[%emt 00:00:26]} hxg5 {[%clk 00:45:05]} {[%emt
00:01:38]} 22. Nxg5 {[%clk 01:01:35]} {[%emt 00:02:15]} b3 {[%clk 00:44:04]}
{[%emt 00:01:31]} 23. cxb3 {[%clk 00:59:07]} {[%emt 00:02:59]} Qxd2 {[%clk
00:42:26]} {[%emt 00:02:08]} 24. Rxd2 {[%clk 00:59:34]} {[%emt 00:00:02]} Na5
{[%clk 00:41:04]} {[%emt 00:01:52]} 25. Bd3 {[%clk 00:58:11]} {[%emt 00:01:52]}
Bb7 {[%clk 00:39:40]} {[%emt 00:01:55]} 26. Rh3 {[%clk 00:52:12]} {[%emt
00:06:29]} Bd5 {[%clk 00:34:22]} {[%emt 00:05:48]} 27. Be4 {[%clk 00:38:25]}
{[%emt 00:14:17]} Bxe4+ {[%clk 00:32:17]} {[%emt 00:02:34]} 28. Nxe4 {[%clk
00:38:53]} {[%emt 00:00:03]} Rb4 {[%clk 00:32:00]} {[%emt 00:00:47]} 29. Re2
{[%clk 00:36:49]} {[%emt 00:02:35]} Rd8 {[%clk 00:27:49]} {[%emt 00:04:39]} 30.
h6 {[%clk 00:30:59]} {[%emt 00:06:20]} gxh6 {[%clk 00:27:00]} {[%emt 00:01:20]}
31. Rxh6 {[%clk 00:30:00]} {[%emt 00:01:29]} Kf8 {[%clk 00:26:54]} {[%emt
00:00:35]} 32. Rf6 {[%clk 00:26:14]} {[%emt 00:04:17]} Rdd4 {[%clk 00:13:28]}
{[%emt 00:13:55]} 33. Ng5 {[%clk 00:26:00]} {[%emt 00:00:44]} Ke8 {[%clk
00:13:22]} {[%emt 00:00:36]} 34. Rxf7 {[%clk 00:24:03]} {[%emt 00:02:28]} Rxf4
{[%clk 00:13:35]} {[%emt 00:00:17]} 35. Rxf4 {[%clk 00:23:32]} {[%emt
00:01:01]} Rxf4 {[%clk 00:14:03]} {[%emt 00:00:02]} 36. Nxe6 {[%clk 00:23:52]}
{[%emt 00:00:10]} Rf1+ {[%clk 00:14:26]} {[%emt 00:00:07]} 37. Kc2 {[%clk
00:23:08]} {[%emt 00:01:14]} Nc6 {[%clk 00:13:31]} {[%emt 00:01:25]} 38. Kc3
{[%clk 00:21:51]} {[%emt 00:01:47]} Ke7 {[%clk 00:12:40]} {[%emt 00:01:20]} 39.
Nc7 {[%clk 00:19:16]} {[%emt 00:03:04]} a5 {[%clk 00:11:42]} {[%emt 00:01:29]}
40. e6 {[%clk 00:09:41]} {[%emt 00:10:05]} Nb4 {[%clk 00:05:03]} {[%emt
00:07:09]} 41. Kd4 {[%clk 00:04:13]} {[%emt 00:05:57]} Rf5 {[%clk 00:04:35]}
{[%emt 00:00:57]} 42. Kc4 {[%clk 00:01:50]} {[%emt 00:02:54]} Rf1 {[%clk
00:21:35]} {[%emt 00:13:31]} 43. Nd5+ {[%clk 00:25:48]} {[%emt 00:06:33]} Nxd5
{[%clk 00:21:53]} {[%emt 00:00:11]} 44. Kxd5 {[%clk 00:26:14]} {[%emt
00:00:04]} Rf4 {[%clk 00:15:32]} {[%emt 00:06:51]} 45. Kc5 {[%clk 00:19:38]}
{[%emt 00:07:07]} a4 {[%clk 00:14:14]} {[%emt 00:01:48]} 46. b4 {[%clk
00:19:38]} {[%emt 00:00:29]} a3 {[%clk 00:14:15]} {[%emt 00:00:31]} 47. b5
{[%clk 00:18:44]} {[%emt 00:01:23]} Rf1 {[%clk 00:14:26]} {[%emt 00:00:18]} 48.
Re3 {[%clk 00:14:54]} {[%emt 00:04:21]} Rc1+ {[%clk 00:14:32]} {[%emt
00:00:24]} 49. Kb6 {[%clk 00:14:37]} {[%emt 00:00:45]} Rc2 {[%clk 00:14:52]}
{[%emt 00:00:12]} 50. Rxa3 {[%clk 00:14:43]} {[%emt 00:00:24]} Kxe6 {[%clk
00:15:18]} {[%emt 00:00:03]} 51. Ka7 {[%emt 00:01:55]} 1-0

[Event "DEM U14 2023"]
[Site "Willingen GER"]
[Date "2023.05.28"]
[Round "2"]
[White "Fruth, David"]
[Black "Grabs, Peter"]
[Result "1-0"]
[Termination "normal"]
[Board "21"]
[BlackTitle "CM"]
[WhiteElo "1851"]
[BlackElo "1552"]
[WhiteClock "00:43:16"]
[BlackClock "01:04:36"]
[PlyCount "73"]
[WhiteFideId "16257596"]
[BlackFideId "16203887"]
[EventCountry "GER"]
[EventRounds "9"]
[EventType "swiss"]
[EventDate "2023.05.27"]

1. e4 {[%clk 01:30:36]} {[%emt 00:00:23]} e6 {[%clk 01:30:55]} {[%emt
00:00:07]} 2. d4 {[%clk 01:30:56]} {[%emt 00:00:10]} d5 {[%clk 01:31:14]}
{[%emt 00:00:11]} 3. Nc3 {[%clk 01:31:23]} {[%emt 00:00:03]} Bb4 {[%clk
01:31:38]} {[%emt 00:00:05]} 4. exd5 {[%clk 01:31:48]} {[%emt 00:00:06]} exd5
{[%clk 01:32:02]} {[%emt 00:00:06]} 5. Bd3 {[%clk 01:32:12]} {[%emt 00:00:06]}
Nf6 {[%clk 01:30:44]} {[%emt 00:01:48]} 6. Nge2 {[%clk 01:32:35]} {[%emt
00:00:07]} O-O {[%clk 01:30:40]} {[%emt 00:00:34]} 7. O-O {[%clk 01:31:51]}
{[%emt 00:01:14]} Bg4 {[%clk 01:30:37]} {[%emt 00:00:33]} 8. f3 {[%clk
01:30:59]} {[%emt 00:01:22]} Bh5 {[%clk 01:31:00]} {[%emt 00:00:06]} 9. Nf4
{[%clk 01:30:34]} {[%emt 00:00:54]} Bg6 {[%clk 01:29:49]} {[%emt 00:01:42]} 10.
Nxg6 {[%clk 01:29:52]} {[%emt 00:01:12]} fxg6 {[%clk 01:29:48]} {[%emt
00:00:31]} 11. Ne2 {[%clk 01:28:30]} {[%emt 00:01:52]} Re8 {[%clk 01:28:31]}
{[%emt 00:01:47]} 12. Bg5 {[%clk 01:21:39]} {[%emt 00:07:22]} Bd6 {[%clk
01:27:42]} {[%emt 00:01:19]} 13. Qd2 {[%clk 01:17:54]} {[%emt 00:04:14]} c6
{[%clk 01:25:44]} {[%emt 00:02:28]} 14. Rae1 {[%clk 01:15:04]} {[%emt
00:03:20]} Nbd7 {[%clk 01:25:38]} {[%emt 00:00:37]} 15. c3 {[%clk 01:15:04]}
{[%emt 00:00:30]} Qc7 {[%clk 01:25:43]} {[%emt 00:00:25]} 16. g3 {[%clk
01:13:56]} {[%emt 00:01:38]} h6 {[%clk 01:24:33]} {[%emt 00:01:40]} 17. Bxf6
{[%clk 01:09:51]} {[%emt 00:04:35]} Nxf6 {[%clk 01:24:35]} {[%emt 00:00:27]}
18. Bxg6 {[%clk 01:10:11]} {[%emt 00:00:11]} Re6 {[%clk 01:23:08]} {[%emt
00:01:56]} 19. Nc1 {[%clk 01:06:55]} {[%emt 00:03:46]} Rxe1 {[%clk 01:22:59]}
{[%emt 00:00:40]} 20. Qxe1 {[%clk 01:07:01]} {[%emt 00:00:24]} Rd8 {[%clk
01:21:06]} {[%emt 00:02:22]} 21. Rf2 {[%clk 01:02:35]} {[%emt 00:04:56]} Rd7
{[%clk 01:18:06]} {[%emt 00:03:31]} 22. Re2 {[%clk 01:01:42]} {[%emt 00:01:23]}
Re7 {[%clk 01:18:19]} {[%emt 00:00:17]} 23. Nd3 {[%clk 01:00:22]} {[%emt
00:01:49]} Rxe2 {[%clk 01:15:55]} {[%emt 00:02:55]} 24. Qxe2 {[%clk 01:00:50]}
{[%emt 00:00:01]} Kf8 {[%clk 01:15:45]} {[%emt 00:00:40]} 25. f4 {[%clk
00:58:53]} {[%emt 00:02:27]} Qe7 {[%clk 01:14:23]} {[%emt 00:01:52]} 26. Ne5
{[%clk 00:58:57]} {[%emt 00:00:27]} Nd7 {[%clk 01:13:01]} {[%emt 00:01:51]} 27.
Qg4 {[%clk 00:57:53]} {[%emt 00:01:34]} Bxe5 {[%clk 01:12:10]} {[%emt
00:01:22]} 28. fxe5 {[%clk 00:57:49]} {[%emt 00:00:34]} Kg8 {[%clk 01:10:37]}
{[%emt 00:02:03]} 29. Kg2 {[%clk 00:56:22]} {[%emt 00:01:56]} Nf8 {[%clk
01:10:22]} {[%emt 00:00:45]} 30. h4 {[%clk 00:55:36]} {[%emt 00:01:15]} c5
{[%clk 01:10:02]} {[%emt 00:00:51]} 31. Bc2 {[%clk 00:43:34]} {[%emt 00:12:32]}
b5 {[%clk 01:06:55]} {[%emt 00:03:37]} 32. Qf3 {[%clk 00:42:37]} {[%emt
00:01:27]} Qe6 {[%clk 01:06:30]} {[%emt 00:00:55]} 33. dxc5 {[%clk 00:42:02]}
{[%emt 00:01:06]} Qxe5 {[%clk 01:05:09]} {[%emt 00:01:50]} 34. Bb3 {[%clk
00:42:23]} {[%emt 00:00:09]} Nd7 {[%clk 01:04:39]} {[%emt 00:01:00]} 35. Qxd5+
{[%clk 00:42:38]} {[%emt 00:00:16]} Qxd5+ {[%clk 01:04:18]} {[%emt 00:00:51]}
36. Bxd5+ {[%clk 00:43:05]} {[%emt 00:00:03]} Kf8 {[%clk 01:04:36]} {[%emt
00:00:11]} 37. c6 {[%clk 00:43:16]} {[%emt 00:00:20]} 1-0

[Event "DEM U14 2023"]
[Site "Willingen GER"]
[Date "2023.05.28"]
[Round "2"]
[White "Mester, Philipp"]
[Black "Li, Luxuan"]
[Result "1-0"]
[Termination "normal"]
[Board "22"]
[WhiteElo "1730"]
[BlackElo "1403"]
[WhiteClock "00:37:46"]
[BlackClock "00:14:21"]
[PlyCount "67"]
[WhiteFideId "34624902"]
[BlackFideId "34617507"]
[EventCountry "GER"]
[EventRounds "9"]
[EventType "swiss"]
[EventDate "2023.05.27"]

1. d4 {[%clk 01:30:59]} {[%emt 01:11:46]} Nf6 {[%clk 01:30:49]} {[%emt
00:00:12]} 2. c4 {[%clk 01:31:24]} {[%emt 00:00:04]} g6 {[%clk 01:30:43]}
{[%emt 00:00:36]} 3. f3 {[%clk 01:31:51]} {[%emt 00:00:04]} Bg7 {[%clk
01:28:58]} {[%emt 00:02:14]} 4. e4 {[%clk 01:32:15]} {[%emt 00:00:06]} d6
{[%clk 01:28:50]} {[%emt 00:00:38]} 5. Nc3 {[%clk 01:32:36]} {[%emt 00:00:09]}
O-O {[%clk 01:27:36]} {[%emt 00:01:44]} 6. Be3 {[%clk 01:31:59]} {[%emt
00:01:07]} Nbd7 {[%clk 01:26:31]} {[%emt 00:01:35]} 7. Nge2 {[%clk 01:30:09]}
{[%emt 00:02:20]} c5 {[%clk 01:25:35]} {[%emt 00:01:26]} 8. d5 {[%clk
01:30:14]} {[%emt 00:00:24]} Ne5 {[%clk 01:23:48]} {[%emt 00:02:18]} 9. Ng3
{[%clk 01:30:20]} {[%emt 00:00:22]} b6 {[%clk 01:22:16]} {[%emt 00:02:04]} 10.
Qd2 {[%clk 01:27:58]} {[%emt 00:02:52]} Rb8 {[%clk 01:20:28]} {[%emt 00:02:18]}
11. Rb1 {[%clk 01:25:29]} {[%emt 00:02:59]} Bd7 {[%clk 01:18:14]} {[%emt
00:02:45]} 12. Be2 {[%clk 01:25:12]} {[%emt 00:00:45]} a6 {[%clk 01:17:54]}
{[%emt 00:00:52]} 13. a4 {[%clk 01:20:21]} {[%emt 00:05:21]} Ne8 {[%clk
01:13:43]} {[%emt 00:04:40]} 14. h3 {[%clk 01:17:12]} {[%emt 00:03:32]} f5
{[%clk 01:10:43]} {[%emt 00:03:36]} 15. f4 {[%clk 01:15:12]} {[%emt 00:02:31]}
Nf7 {[%clk 01:10:25]} {[%emt 00:00:48]} 16. exf5 {[%clk 01:15:33]} {[%emt
00:00:09]} gxf5 {[%clk 01:09:25]} {[%emt 00:01:31]} 17. O-O {[%clk 01:15:15]}
{[%emt 00:00:48]} e6 {[%clk 01:04:26]} {[%emt 00:05:28]} 18. b3 {[%clk
01:09:24]} {[%emt 00:06:21]} exd5 {[%clk 01:01:27]} {[%emt 00:03:30]} 19. Nxd5
{[%clk 01:09:01]} {[%emt 00:00:52]} Nf6 {[%clk 00:58:14]} {[%emt 00:03:43]} 20.
Bf3 {[%clk 01:07:28]} {[%emt 00:02:02]} Re8 {[%clk 00:51:44]} {[%emt 00:07:01]}
21. Rbe1 {[%clk 01:04:32]} {[%emt 00:03:24]} Ne4 {[%clk 00:45:57]} {[%emt
00:06:19]} 22. Bxe4 {[%clk 01:04:50]} {[%emt 00:00:12]} fxe4 {[%clk 00:46:07]}
{[%emt 00:00:20]} 23. Nh5 {[%clk 01:03:19]} {[%emt 00:02:00]} Bh8 {[%clk
00:43:42]} {[%emt 00:02:55]} 24. g4 {[%clk 01:01:36]} {[%emt 00:02:13]} Bc6
{[%clk 00:41:25]} {[%emt 00:02:48]} 25. g5 {[%clk 00:59:03]} {[%emt 00:03:03]}
Bxd5 {[%clk 00:40:03]} {[%emt 00:01:52]} 26. Qxd5 {[%clk 00:58:40]} {[%emt
00:00:52]} Kf8 {[%clk 00:38:38]} {[%emt 00:01:55]} 27. Qf5 {[%clk 00:55:27]}
{[%emt 00:03:43]} Kg8 {[%clk 00:32:31]} {[%emt 00:06:38]} 28. g6 {[%clk
00:43:35]} {[%emt 00:12:22]} hxg6 {[%clk 00:30:50]} {[%emt 00:02:11]} 29. Qxg6+
{[%clk 00:43:57]} {[%emt 00:00:08]} Kf8 {[%clk 00:30:47]} {[%emt 00:00:33]} 30.
f5 {[%clk 00:43:31]} {[%emt 00:00:56]} Qh4 {[%clk 00:25:21]} {[%emt 00:05:55]}
31. f6 {[%clk 00:39:06]} {[%emt 00:04:56]} Re5 {[%clk 00:21:09]} {[%emt
00:04:42]} 32. Bh6+ {[%clk 00:37:36]} {[%emt 00:01:59]} Nxh6 {[%clk 00:17:24]}
{[%emt 00:04:16]} 33. Qxh6+ {[%clk 00:37:46]} {[%emt 00:00:19]} Kg8 {[%clk
00:14:21]} {[%emt 00:03:34]} 34. f7# {[%emt 00:00:10]} 1-0